<?xml version="1.0" encoding="UTF-8"?>
<record
    xmlns:xsi="http://www.w3.org/2001/XMLSchema-instance"
    xsi:schemaLocation="http://www.loc.gov/MARC21/slim http://www.loc.gov/standards/marcxml/schema/MARC21slim.xsd"
    xmlns="http://www.loc.gov/MARC21/slim">

  <leader>02660nam a2200433 i 4500</leader>
  <controlfield tag="001">ebr10828908</controlfield>
  <controlfield tag="003">CaPaEBR</controlfield>
  <controlfield tag="006">m     o  d        </controlfield>
  <controlfield tag="007">cr cn|||||||||</controlfield>
  <controlfield tag="008">080822t20082008sz ad   ob    101 0 eng|d</controlfield>
  <datafield tag="020" ind1=" " ind2=" ">
    <subfield code="z">9783908451532</subfield>
  </datafield>
  <datafield tag="020" ind1=" " ind2=" ">
    <subfield code="a">9783038131991 (e-book)</subfield>
  </datafield>
  <datafield tag="040" ind1=" " ind2=" ">
    <subfield code="a">CaPaEBR</subfield>
    <subfield code="b">eng</subfield>
    <subfield code="e">rda</subfield>
    <subfield code="e">pn</subfield>
    <subfield code="c">CaPaEBR</subfield>
  </datafield>
  <datafield tag="035" ind1=" " ind2=" ">
    <subfield code="a">(OCoLC)872673924</subfield>
  </datafield>
  <datafield tag="050" ind1="1" ind2="4">
    <subfield code="a">QC191</subfield>
    <subfield code="b">.I4758 2007eb</subfield>
  </datafield>
  <datafield tag="082" ind1="0" ind2="4">
    <subfield code="a">531.382</subfield>
    <subfield code="2">22</subfield>
  </datafield>
  <datafield tag="111" ind1="2" ind2=" ">
    <subfield code="a">International Conference on Imperfections Interaction and Anelastic Phenomena in Solids</subfield>
    <subfield code="n">(11th :</subfield>
    <subfield code="d">2007 :</subfield>
    <subfield code="c">Tula, Russia),</subfield>
    <subfield code="j">issuing body.</subfield>
  </datafield>
  <datafield tag="245" ind1="1" ind2="0">
    <subfield code="a">Interaction between defects and anelastic phenomena in solids :</subfield>
    <subfield code="b">selected, peer reviewed papers from the XIth International conference on imperfections interaction and anelastic phenomena in solids, IIAPS XI, 24 - 28 September 2007, Tula, Russia /</subfield>
    <subfield code="c">edited by Igor S. Golovin and Daniil M. Levin.</subfield>
  </datafield>
  <datafield tag="264" ind1=" " ind2="1">
    <subfield code="a">Stafa-Zuerich :</subfield>
    <subfield code="b">Trans Tech Publications,</subfield>
    <subfield code="c">[2008]</subfield>
  </datafield>
  <datafield tag="264" ind1=" " ind2="4">
    <subfield code="c">&#xFFFD;2008</subfield>
  </datafield>
  <datafield tag="300" ind1=" " ind2=" ">
    <subfield code="a">1 online resource (246 pages) :</subfield>
    <subfield code="b">illustrations (some color).</subfield>
  </datafield>
  <datafield tag="336" ind1=" " ind2=" ">
    <subfield code="a">text</subfield>
    <subfield code="2">rdacontent</subfield>
  </datafield>
  <datafield tag="337" ind1=" " ind2=" ">
    <subfield code="a">computer</subfield>
    <subfield code="2">rdamedia</subfield>
  </datafield>
  <datafield tag="338" ind1=" " ind2=" ">
    <subfield code="a">online resource</subfield>
    <subfield code="2">rdacarrier</subfield>
  </datafield>
  <datafield tag="490" ind1="1" ind2=" ">
    <subfield code="a">Diffusion and defect data. Pt. B. Solid state phenomena,</subfield>
    <subfield code="x">1012-0394 ;</subfield>
    <subfield code="v">volume 137</subfield>
  </datafield>
  <datafield tag="504" ind1=" " ind2=" ">
    <subfield code="a">Includes bibliographical references and index.</subfield>
  </datafield>
  <datafield tag="588" ind1=" " ind2=" ">
    <subfield code="a">Description based on print version record.</subfield>
  </datafield>
  <datafield tag="590" ind1=" " ind2=" ">
    <subfield code="a">Electronic reproduction. Palo Alto, Calif. : ebrary, 2014. Available via World Wide Web. Access may be limited to ebrary affiliated libraries.</subfield>
  </datafield>
  <datafield tag="650" ind1=" " ind2="0">
    <subfield code="a">Elastic solids</subfield>
    <subfield code="x">Cracking and fracture</subfield>
    <subfield code="v">Congresses.</subfield>
  </datafield>
  <datafield tag="650" ind1=" " ind2="0">
    <subfield code="a">Internal friction</subfield>
    <subfield code="v">Congresses.</subfield>
  </datafield>
  <datafield tag="650" ind1=" " ind2="0">
    <subfield code="a">Solids</subfield>
    <subfield code="x">Defects</subfield>
    <subfield code="v">Congresses.</subfield>
  </datafield>
  <datafield tag="655" ind1=" " ind2="0">
    <subfield code="a">Electronic books.</subfield>
  </datafield>
  <datafield tag="700" ind1="1" ind2=" ">
    <subfield code="a">Golovin, Igor S.</subfield>
  </datafield>
  <datafield tag="700" ind1="1" ind2=" ">
    <subfield code="a">Levin, D. M.</subfield>
    <subfield code="q">(Daniil Mikha&#xFFFD;ilovich)</subfield>
  </datafield>
  <datafield tag="776" ind1="0" ind2="8">
    <subfield code="i">Print version:</subfield>
    <subfield code="a">International Conference on Imperfections Interaction and Anelastic Phenomena in Solids.</subfield>
    <subfield code="t">Interaction between defects and anelastic phenomena in solids : selected, peer reviewed papers from the XIth International conference on imperfections interaction and anelastic phenomena in solids, IIAPS XI, 24 - 28 September 2007, Tula, Russia.</subfield>
    <subfield code="d">Stafa-Zuerich : Trans Tech Publications, [2008]</subfield>
    <subfield code="h">viii, 240 pages, 5 unnumbered pages of plates ; 25 cm.</subfield>
    <subfield code="k">Diffusion and defect data. Pt. B. Solid state phenomena ; volume 137</subfield>
    <subfield code="x">1012-0394 ;</subfield>
    <subfield code="z">9783908451532</subfield>
    <subfield code="w">(DLC)10828908</subfield>
  </datafield>
  <datafield tag="797" ind1="2" ind2=" ">
    <subfield code="a">ebrary.</subfield>
  </datafield>
  <datafield tag="830" ind1=" " ind2="0">
    <subfield code="a">Diffusion and defect data.</subfield>
    <subfield code="n">Pt. B,</subfield>
    <subfield code="p">Solid state phenomena ;</subfield>
    <subfield code="v">v. 137.</subfield>
  </datafield>
  <datafield tag="856" ind1="4" ind2="0">
    <subfield code="u">http://site.ebrary.com/lib/rucke/Doc?id=10828908</subfield>
    <subfield code="z">An electronic book accessible through the World Wide Web; click to view</subfield>
  </datafield>
  <datafield tag="999" ind1=" " ind2=" ">
    <subfield code="c">85416</subfield>
    <subfield code="d">85416</subfield>
  </datafield>
</record>
